| 000 | 00562nam a2200217 a 4500 | ||
|---|---|---|---|
| 001 | 11075 | ||
| 003 | CO-ViMGA | ||
| 008 | 141112s2004 ck r 000 u spa d | ||
| 020 | _a9586144658 | ||
| 040 |
_aCO-ViMGA _bspa _cCO-ViMGA |
||
| 082 | 0 | 4 | _aCo863.6 B87p2 |
| 100 | 1 |
_aBurgos, Roberto Cantor _915323 |
|
| 245 | 1 | 0 | _apavana del Ángel |
| 250 | _a1 | ||
| 260 |
_aColombia, _cPlaneta editorial, _c1995 |
||
| 300 | _a305 p. | ||
| 650 | 1 | 4 |
_aMUJERES NOVELA _915324 |
| 650 | 1 | 4 |
_aNIÑOS - NOVELA _915325 |
| 650 | 1 | 4 |
_aNOVELA - COLOMBIANA _91193 |
| 942 |
_2ddc _cBK |
||
| 999 |
_c22290 _d22290 |
||